Central Library OPAC University of Rajshahi
Normal view MARC view

Entry Topical Term

Number of records used in: 2

001 - CONTROL NUMBER

  • control field: 10493

003 - CONTROL NUMBER IDENTIFIER

  • control field: BD-RjUL

005 - DATE AND TIME OF LATEST TRANSACTION

  • control field: 20231212153633.0

008 - FIXED-LENGTH DATA ELEMENTS

  • fixed length control field: 231212|| aca||aabn | a|a d

040 ## - CATALOGING SOURCE

  • Original cataloging agency: BD-RjUL
  • Transcribing agency: BD-RjUL

150 ## - HEADING--TOPICAL TERM

  • Topical term or geographic name entry element: Polymers
  • General subdivision: Handbooks, manuals, etc

670 ## - SOURCE DATA FOUND

  • Source citation: Work cat.: (BD-RjUL)82455: Kricheldorf, Hans Rytger, 1942- 10491, Handbook of polymer synthesis /, c2005, 2019 [reprinted 2023]